Employment law and human rights (Record no. 184599)

MARC details
000 -LEADER
fixed length control field 00696nam a22002417a 4500
020 ## - INTERNATIONAL STANDARD BOOK NUMBER
ISBN 978-0-19-878397-8
041 ## - LANGUAGE CODE
Language code of text/sound track or separate title eng
082 ## - DEWEY DECIMAL CLASSIFICATION NUMBER
Edition number 23rd.
Classification number 344.0101
Item number EMP
245 ## - TITLE STATEMENT
Title Employment law and human rights
Statement of responsibility, etc Robin Allen QC, Rachel Crasnow QC, Anna Beale, Claire McCann and Rachel Barrett
250 ## - EDITION STATEMENT
Edition statement 3rd ed.
260 ## - PUBLICATION, DISTRIBUTION, ETC. (IMPRINT)
Place of publication Oxford
Name of publisher Oxford Universiy Press
Year of publication 2018
300 ## - PHYSICAL DESCRIPTION
Number of Pages lxiii,565p.;
Dimensions 24cm.
650 ## - SUBJECT ADDED ENTRY--TOPICAL TERM
Topical Term Labor laws and legislation
650 ## - SUBJECT ADDED ENTRY--TOPICAL TERM
Topical Term Human rights
700 ## - ADDED ENTRY--PERSONAL NAME
Personal name QC, Robin Allen
700 ## - ADDED ENTRY--PERSONAL NAME
Personal name QC, Rachel Crasnow
700 ## - ADDED ENTRY--PERSONAL NAME
Personal name Beale, Anna
700 ## - ADDED ENTRY--PERSONAL NAME
Personal name McCann, Claire
700 ## - ADDED ENTRY--PERSONAL NAME
Personal name Barrett, Rachel
856 ## - ELECTRONIC LOCATION AND ACCESS
Uniform Resource Identifier www.oup.com
942 ## - ADDED ENTRY ELEMENTS (KOHA)
Koha item type Books
Holdings
Withdrawn status Lost status Damaged status Collection code Home library Current library Shelving location Date acquired Full call number Accession Number Copy number Koha item type
      SOCIOLOGY North Eastern Hill University North Eastern Hill University General Stacks 07/04/2026 344.0101 EMP 500289 ,2 Books